000 00550nam a2200217Ia 4500
003 OSt
005 20221007082835.0
006 a|||||r|||| 00| 0
007 ta
008 221006b |||||||| |||| 00| 0 eng d
024 _a30,282
037 _cDissertations
040 _aFLL
_cFLL
_beng
041 _2eng
_aeng
100 _aBirath Mohinder
_9699610
245 0 _aLaw of private defence in India- a critical evaluation
260 _c2007
300 _a98p
_ccm.
942 _cDIS
_2CC
999 _c1167910
_d1167910